000 00471nam a2200169 a 4500
001 0000-8883
003 ELIB.Books
008 110520 2006
035 _a(ELIB.Books)0000-9031
082 _aM.Div
_bHel
100 _aHellen Linda, Naw
245 _aToday's Baptist Christians are Engaged in Spiritual Wafare
260 _bInsein: Karen Baptist Theological Seminary
_c2006
650 _aThesis
942 _2ddc
_cBK
998 _cbat
_e2011-05-20
999 _c8883
_d8883